00848 2200301 4500001002100000005001500021035002500036090001600061245008500077260003000162300003200192007000300224008004100227020002200268040001700290082001400307084001600321100003500337700002100372850001200393504003300405990001800438990001800456990001800474990001800492990001800510990001800528YOGYA00000000002525320240920100419 a0010-081400000024971 a720.3 War G aGlosari arsitektur /cUniek Praptiningrum Wardhono; penyunting, Joko Widiyatmoko aYogyakarta :bAndi,c2009 a193 hlm. :bilus. ;c30 cm.ta130804s2009 yoi g ind d a978-979-29-0699-8 aYOPDYOGbind 223a720.3 a720.3 WAR g aWardhono, Uniek Praptiningrum aJoko Widiyatmoko aYOPDYOG aBibliografi: halaman 189-190 a49147-PD/B.10 a49148-PD/B.10 a49149-PD/B.10 a49148-PD/B.10 a49147-PD/B.10 a49149-PD/B.10